| 000 | 00716nam a2200277Ia 4500 | ||
|---|---|---|---|
| 008 | 181129s9999 xx 000 0 und d | ||
| 020 | _a9780007902101 | ||
| 050 | _bM662 2013 | ||
| 100 | _aMilton, John | ||
| 245 | 0 | _aParadise lost and paradise regained / | |
| 245 | 0 | _cby John Milton. | |
| 260 | _aNew York, NY : | ||
| 260 | _bCollins Classics, | ||
| 260 | _c2013 | ||
| 300 | _a404 pages : | ||
| 300 | _billustrations ; | ||
| 300 | _c18cm. | ||
| 440 | _aCollins classics. | ||
| 650 | _aAdam (Biblical figure). | ||
| 650 | _aBible -- Genesis. | ||
| 650 | _aEve (Biblical figure). | ||
| 650 | _aFall of man. | ||
| 650 | _aHistory of biblical events. | ||
| 700 | _aSeries. | ||
| 700 | _aTitle. | ||
| 999 |
_c360154 _d360154 |
||